000 00607nam a2200169 a 4500
001 000034778
005 20200930073910.0
008 111019s1984 cc a 000 0 spa d
040 _aDO-SdBNP
_bspa
_cBNPHU
082 _axxxx
_bxxxx
245 0 3 _aEl pájaro maravilloso. /
_ctraducido del chino por Laura A. Rovetta.
260 _aBeijing, China :
_bEdiciones de lenguas extranjeras,
_c1984.
300 _a143 p. :
_bil. ;
_c21 cm.
500 _aIncluye notas al pie de las páginas
590 _aPerteneció a la biblioteca personal de Juan Isidro Jimenes Grullón
700 1 _aRovetta, Laura A.
_etr.
_960270
999 _c34269
_d34269